| 000 | 00923nam a2200265Ia 4500 | ||
|---|---|---|---|
| 001 | 21930 | ||
| 005 | 20260320113326.0 | ||
| 008 | 260320s9999||||xx |||||||||||||| ||und|| | ||
| 020 | _a9786124913310 | ||
| 041 | _aESP | ||
| 082 |
_a352.885 _bM84 |
||
| 100 |
_aMonge, Carlos, _eAUT |
||
| 245 | 0 |
_aCrisis política y estallido social en el Perú : _buna mirada con perspectiva histórica y desde las regiones |
|
| 246 |
_a _5 _b |
||
| 250 | _aPrimera edición | ||
| 260 |
_aLima : _bSeminario Permanente de Investigación Agraria, _c2024 |
||
| 300 |
_a608 páginas : _bilustraciones, tablas, fotografías ; _c21 cm. _e |
||
| 440 |
_a _n _v |
||
| 650 | _aCIS | ||
| 653 | _aCrisis política - Perú; Movimentos sociales - Perú; Sociedad | ||
| 654 | _aCAN | ||
| 700 |
_a _c |
||
| 856 |
_uhttps://0u20jm1cc-y-https-www-jstor-org.itmsp.museknowledge.com/ _zVéase además: Base de datos JSTOR |
||
| 942 |
_cLIB _dJUS _fMAT _2ddc _n |
||
| 999 |
_c21930 _d21930 |
||